| 000 | 00584nac a22001691u 4500 | ||
|---|---|---|---|
| 082 |
_a621 _bFAH |
||
| 090 |
_c3345 _d3345 |
||
| 100 | _aFahrbach ,Rolf. | ||
| 245 |
_aGetriebe Berchnungen In Der Baumwoll Spinnerei An In Un Auslandischen Maschinen/ _bRolf Fahrbach. |
||
| 260 |
_aDeutschland: _bMatzelresche Verlagsbuchhandlung und Carl Ernst, _cc.1956. |
||
| 300 |
_a96cm: _bill; _c32cm. |
||
| 500 | _aDonations. | ||
| 500 | _aDonations - Bibliotheca Alexandrina. | ||
| 650 | _aMachinery. | ||
| 700 | _aFahrbach ,Rolf. | ||
| 942 |
_cBB _k621FAH |
||
| 999 |
_c3345 _d3345 |
||